Několik postřehů z praxe auditora.
Situácia v audítorskej činnosti v ČSFR a skúsenosti z dvojročnej audítorskej praxe audítora. Zameranie činnosti audítora. Stav účtovníctva a jeho účinnosť. Kvalita účtovných pracovníkov. Problémy s technokratizmom pri vedení účtovníctva na počítačoch. Účtovné doklady a problém poradenstva.
Salvato in:
| Autore principale: | |
|---|---|
| Natura: | Capitolo di libro |
| Lingua: | ceco |
| Soggetti: | |
| Tags: |
Nessun Tag, puoi essere il primo ad aggiungerne!!
|
MARC
| LEADER | 00000naa a2200000 4500 | ||
|---|---|---|---|
| 001 | r008154 | ||
| 005 | 20220831085423.3 | ||
| 041 | 0 | |a cze | |
| 044 | |a [CS] | ||
| 245 | 1 | 0 | |a Několik postřehů z praxe auditora. |c J. Peřina |
| 520 | |a Situácia v audítorskej činnosti v ČSFR a skúsenosti z dvojročnej audítorskej praxe audítora. Zameranie činnosti audítora. Stav účtovníctva a jeho účinnosť. Kvalita účtovných pracovníkov. Problémy s technokratizmom pri vedení účtovníctva na počítačoch. Účtovné doklady a problém poradenstva. | ||
| 610 | 2 | 0 | |a audítori |
| 610 | 2 | 0 | |a ČSFR |
| 610 | 2 | 0 | |a účtovníctvo |
| 610 | 2 | 0 | |a doklady účtovné |
| 610 | 2 | 0 | |a využitie počítačov |
| 610 | 2 | 0 | |a poradenstvo |
| 610 | 2 | 0 | |a účtovníci |
| 100 | 1 | |a Peřina, J. | |